Capitales du monde à l'intérieur des carrés - Statistiques

Statistiques générales
  • Ce quiz a été pris 132 fois
  • Le résultat moyen est 12 sur 20
Statistiques - réponses
capitales capitale % Correct
Londres, Berlin, Rome/Vatican, Madrid Paris
95%
Londres, Berlin, Rome/Vatican, Madrid Bruxelles
93%
Londres, Berlin, Rome/Vatican, Madrid Berne
89%
Londres, Berlin, Rome/Vatican, Madrid Andorre-la-Vieille
86%
Londres, Berlin, Rome/Vatican, Madrid Luxembourg
86%
Londres, Berlin, Rome/Vatican, Madrid Monaco
81%
Tunis, Rabat, Niamey, Le Caire Tripoli
71%
Moscou, Helsinki, Varsovie, Kiev Riga
68%
Londres, Berlin, Rome/Vatican, Madrid Vaduz
68%
Moscou, Helsinki, Varsovie, Kiev Vilnius
68%
Moscou, Helsinki, Varsovie, Kiev Minsk
67%
Moscou, Helsinki, Varsovie, Kiev Tallinn
64%
Taipei, Bangkok, Pékin, Tokyo Hanoï
63%
Londres, Berlin, Rome/Vatican, Madrid Saint-Marin
63%
Taipei, Bangkok, Pékin, Tokyo Vientiane
57%
Taipei, Bangkok, Pékin, Tokyo Séoul
56%
Lusaka, Antananarivo, Pretoria, Gaborone Harare
36%
Reykjavik, Ottawa, Caracas, Lisbonne Basseterre
14%
Reykjavik, Ottawa, Caracas, Lisbonne Roseau
14%
Reykjavik, Ottawa, Caracas, Lisbonne St Johns
11%
Aucun quiz correspondant
Distribution des résultats
% des personnes avec chaque résultat
Percentile par nombre de réponses
Votre historique - résultats
Vous n’avez pas pris ce quiz